| 000 | 00465nam a2200157 i 4500 | ||
|---|---|---|---|
| 001 | 41582 | ||
| 003 | ES-MaACL | ||
| 005 | 20230906160446.0 | ||
| 007 | t| | ||
| 008 | 030311s1973 sp ||||1| spa d | ||
| 100 | 1 |
_aCarballosa, Evis L. _935013 |
|
| 245 | 1 | 3 |
_aFilipenses _b: un comentario exegético y práctico / _cEvis L. Carballosa. |
| 260 |
_aBarcelona : _bPortavoz Evangélico, _c[1973] |
||
| 300 |
_a140 p. ; _c17 cm. |
||
| 852 |
_aES-MaACL _jC-54997 _bR.87655 |
||
| 999 |
_c41582 _d41582 |
||